| 000 | 01311nam a22003737a 4500 | ||
|---|---|---|---|
| 001 | 000102268 | ||
| 003 | CHAP | ||
| 005 | 20240828130158.0 | ||
| 008 | 100616s2007 mx r 00010 spa d | ||
| 010 | _a98731 | ||
| 011 | _a99703 | ||
| 020 | _a9789680203925 | ||
| 035 | _a110389 | ||
| 040 | _cCHAP | ||
| 090 | _aFolleto 17723 | ||
| 100 | 1 |
_aMartínez Montes, María Teresa. _972298 |
|
| 245 | 1 | 4 |
_aLas dalias orgánicas en la gastronomía / _c/por María Teresa Martínez Montes, José Merced Mejía Muñoz y Guadalupe Treviño de Castro. |
| 260 |
_a[Chapingo, Méx.] : _bSociedad Mexicana de la Dalia, _c2007. |
||
| 300 | _a24 p. | ||
| 590 |
_aBATCH-UPD _b10 _c20130110 _lUCH01 _h1128 |
||
| 590 |
_aBATCH-UPD _b10 _c20130410 _lUCH01 _h0717 |
||
| 590 |
_aBATCH-UPD _b10 _c20130913 _lUCH01 _h2234 |
||
| 590 |
_aCONVERSION _b10 _c20130109 _lUCH01 _h1355 |
||
| 590 |
_aE792CSJ _b05 _c20140904 _lUCH01 _h0843 |
||
| 650 | 1 | 4 |
_aAlimentos orgánicos _xRecetarios. _9128271 |
| 650 | 1 | 4 |
_aDalia _vRecetarios. _9128270 |
| 700 | 1 |
_aMejía Muñoz, José Merced _974277 |
|
| 700 | 1 |
_aTreviño de Castro, Guadalupe. _9114842 |
|
| 901 | _aBK | ||
| 942 | _cFOLL | ||
| 942 | _n0 | ||
| 949 |
_aFolleto 17723 _bBC _cFOLL _d33724002173611 _eTS2 _fc.2 _i110389 _sb |
||
| 949 |
_aFolleto 17723 _bBC _cFOLL _d33724002173769 _eTS1 _i110389 _sb |
||
| 999 |
_c98731 _d98731 |
||